Croatian cities pictures - Statistics

General Stats
  • This quiz has been taken 124 times
  • The average score is 7 of 8
Answer Stats
Picture Answer % Correct
Dubrovnik
100%
Split
99%
Zagreb
99%
Pula
92%
Osijek
91%
Rijeka
91%
Zadar
90%
Varaždin
76%
No matching quizzes found
Score Distribution
Percent of People with Each Score
Percentile by Number Answered
Your Score History
You have not taken this quiz